000 00387nam a22001217a 4500
008 190314b xxu||||| |||| 00| 0 eng d
041 _aeng
080 _a043.3
100 _a0
101 _aSI-MTH
245 _aMbrojtja e të dhënave shëndetësore përmes vlerësimit të riskut dhe ndërtimit të sistemit të menaxhimit të sigurisë së informacionit
_cKolgeci,S
942 _2udc
_cBK
999 _c54786
_d54786